00565nam a2200157 4500999001900000008004100019100003200060245010000092260000900192300001500201700003100216773001800247906002200265942001200287952010800299 c510757d510757190830b ||||| |||| 00| 0 eng d aHalt, Prithwish Kumar99271 aUnderstanding dynamics of inflation through P-star approach: a study of post-independence India c2019 ap.156-174. aDas, Purnendu Sekhar99272 aArtha Vijnana aInflation - India 2ddccAR 00102ddc40709384701aIIPAbIIPAd2019-08-30h61(2), Jun, 2019: p.156-174.pAR120638r2019-08-30yAR